000 00209 a2200097 4500
001 46838
100 _aShaplen R
245 _aThe road from war
260 _aLondon
_bAndre deutsch
_c
090 _c29928
_d29928
942 _aNUST-CAE
_cM
_c22144
999 _c281911
_d281911